| 000 | 006380000a22001810004500 | ||
|---|---|---|---|
| 003 | LK-CoMWRAF | ||
| 008 | 230817t1989 ||||| |||| 00| 0 eng d | ||
| 040 |
_aLK-CoMWRAF _dLK-CoMWRAF _eLK-CoMWRAF |
||
| 041 | _aeng | ||
| 082 |
_a305.43 _bWOM |
||
| 111 |
_aWORKSHOP ON ' WOMEN AS ECONOMIC PRODUCERS- CHALLENGES TO POLIC MAKERS' _c( Colombo, Institute of policy studies, _d1-3 June, 1989) |
||
| 245 | _aWomen as economic producers- challenges to policy makers | ||
| 260 |
_aColombo: _b Institute of policy studies, _c1989 |
||
| 300 | _aVarious paging | ||
| 650 | _aFEMALE EMPLOYEMENT-Sri Lanka | ||
| 650 | _aLabour force, Female | ||
| 942 | _cCP | ||
| 999 |
_c36 _d36 |
||